Software engineering:apractitioners approach (Record no. 303)

MARC details
000 -LEADER
Fixed length control field 00459nam a2200181 4500
003 - CONTROL NUMBER IDENTIFIER
Control field SEACOMEC
005 - DATE AND TIME OF LATEST TRANSACTION
Control field 20231222152802.0
008 - FIXED-LENGTH DATA ELEMENTS--GENERAL INFORMATION
Fixed length control field 231222b |||||||| |||| 00| 0 eng d
020 ## - INTERNATIONAL STANDARD BOOK NUMBER / ISBN
Price $9.50
040 ## - CATALOGING SOURCE
Original cataloging agency SEACOMEC
082 ## - DEWEY DECIMAL CLASSIFICATION NUMBER
Classification number 005.1
Book Number P925
100 ## - MAIN ENTRY--PERSONAL NAME
Personal name Pressman ,Roger S.
245 1# - TITLE STATEMENT
Title Software engineering:apractitioners approach
250 ## - EDITION STATEMENT
Edition statement 6 th ed.
260 1# - IMPRINT
Place of publication Boston
Name of publisher printicehall
Date of publication 2005
650 ## - SUBJECT ADDED ENTRY--TOPICAL TERM
Topical term Computer science,Programming
942 ## - ADDED ENTRY ELEMENTS (KOHA)
Koha item type Books
Holdings
Withdrawn status Lost status Source of classification Damaged status Not for loan Home library Current library Date acquired Total Checkouts Call number Accession number Date last seen Copy number Price effective from Koha item type
    Dewey Decimal Classification     SEACOM ENGINEERING COLLEGE SEACOM ENGINEERING COLLEGE 02/06/2006   005.1 P925 00502 22/12/2023 15 22/12/2023 Books
    Dewey Decimal Classification     SEACOM ENGINEERING COLLEGE SEACOM ENGINEERING COLLEGE 02/06/2006   005.1 P925 00503 22/12/2023 16 22/12/2023 Books
    Dewey Decimal Classification     SEACOM ENGINEERING COLLEGE SEACOM ENGINEERING COLLEGE 02/06/2006   005.1 P925 00504 22/12/2023 17 22/12/2023 Books
    Dewey Decimal Classification     SEACOM ENGINEERING COLLEGE SEACOM ENGINEERING COLLEGE 02/06/2006   005.1 P925 00505 22/12/2023 18 22/12/2023 Books
    Dewey Decimal Classification     SEACOM ENGINEERING COLLEGE SEACOM ENGINEERING COLLEGE 02/06/2006   005.1 P925 00506 22/12/2023 19 22/12/2023 Books
    Dewey Decimal Classification     SEACOM ENGINEERING COLLEGE SEACOM ENGINEERING COLLEGE 02/06/2006   005.1 P925 00507 22/12/2023 20 22/12/2023 Books
    Dewey Decimal Classification     SEACOM ENGINEERING COLLEGE SEACOM ENGINEERING COLLEGE 02/06/2006   005.1 P925 00508 22/12/2023 21 22/12/2023 Books
    Dewey Decimal Classification     SEACOM ENGINEERING COLLEGE SEACOM ENGINEERING COLLEGE 02/06/2006   005.1 P925 00509 22/12/2023 22 22/12/2023 Books
    Dewey Decimal Classification     SEACOM ENGINEERING COLLEGE SEACOM ENGINEERING COLLEGE 02/06/2006   005.1 P925 00510 22/12/2023 23 22/12/2023 Books
    Dewey Decimal Classification     SEACOM ENGINEERING COLLEGE SEACOM ENGINEERING COLLEGE 02/06/2006   005.1 P925 00511 22/12/2023 24 22/12/2023 Books
    Dewey Decimal Classification     SEACOM ENGINEERING COLLEGE SEACOM ENGINEERING COLLEGE 02/06/2006   005.1 P925 00512 22/12/2023 25 22/12/2023 Books
    Dewey Decimal Classification     SEACOM ENGINEERING COLLEGE SEACOM ENGINEERING COLLEGE 02/06/2006   005.1 P925 00513 22/12/2023 26 22/12/2023 Books
    Dewey Decimal Classification     SEACOM ENGINEERING COLLEGE SEACOM ENGINEERING COLLEGE 02/06/2006   005.1 P925 00514 22/12/2023 27 22/12/2023 Books
    Dewey Decimal Classification     SEACOM ENGINEERING COLLEGE SEACOM ENGINEERING COLLEGE 02/06/2006   005.1 P925 00515 22/12/2023 28 22/12/2023 Books
    Dewey Decimal Classification     SEACOM ENGINEERING COLLEGE SEACOM ENGINEERING COLLEGE 02/06/2006   005.1 P925 00516 22/12/2023 29 22/12/2023 Books
© Seacom Engineering College, All rights reserved.      Powered by Koha